<?xml version="1.0" encoding="UTF-8"?>
<record
    xmlns:xsi="http://www.w3.org/2001/XMLSchema-instance"
    xsi:schemaLocation="http://www.loc.gov/MARC21/slim http://www.loc.gov/standards/marcxml/schema/MARC21slim.xsd"
    xmlns="http://www.loc.gov/MARC21/slim">

  <leader>01275nam a22002415a 4500</leader>
  <controlfield tag="003">OSt</controlfield>
  <controlfield tag="005">20170216141839.0</controlfield>
  <controlfield tag="008">161127s2016    ua     frb    000 0 ara d</controlfield>
  <datafield tag="040" ind1=" " ind2=" ">
    <subfield code="a">EG-ScBUE</subfield>
    <subfield code="b">ara</subfield>
    <subfield code="c">EG-ScBUE</subfield>
  </datafield>
  <datafield tag="043" ind1=" " ind2=" ">
    <subfield code="a">f-ua---</subfield>
  </datafield>
  <datafield tag="082" ind1="0" ind2="4">
    <subfield code="a">345.6205</subfield>
    <subfield code="b">&#x633; &#x631; &#x648;</subfield>
    <subfield code="2">22</subfield>
  </datafield>
  <datafield tag="100" ind1="1" ind2=" ">
    <subfield code="a">&#x633;&#x631;&#x648;&#x631;&#x60C; &#x623;&#x62D;&#x645;&#x62F; &#x641;&#x62A;&#x62D;&#x64A;.</subfield>
  </datafield>
  <datafield tag="245" ind1="1" ind2="2">
    <subfield code="a">&#x627;&#x644;&#x648;&#x633;&#x64A;&#x637; &#x641;&#x64A; &#x642;&#x627;&#x646;&#x648;&#x646; &#x627;&#x644;&#x625;&#x62C;&#x631;&#x627;&#x621;&#x627;&#x62A; &#x627;&#x644;&#x62C;&#x646;&#x627;&#x626;&#x64A;&#x629; /</subfield>
    <subfield code="c">&#x623;&#x62D;&#x645;&#x62F; &#x641;&#x62A;&#x62D;&#x64A; &#x633;&#x631;&#x648;&#x631;.</subfield>
  </datafield>
  <datafield tag="250" ind1=" " ind2=" ">
    <subfield code="a">&#x637;. 10&#x60C; &#x645;&#x637;&#x648;&#x631;&#x629;.</subfield>
  </datafield>
  <datafield tag="260" ind1=" " ind2=" ">
    <subfield code="a">&#x627;&#x644;&#x642;&#x627;&#x647;&#x631;&#x629; :</subfield>
    <subfield code="b">&#x62F;&#x627;&#x631; &#x627;&#x644;&#x646;&#x647;&#x636;&#x629; &#x627;&#x644;&#x639;&#x631;&#x628;&#x64A;&#x629;&#x60C;</subfield>
    <subfield code="c">2016.</subfield>
  </datafield>
  <datafield tag="300" ind1=" " ind2=" ">
    <subfield code="a">2 &#x645;&#x62C;. &#x61B;</subfield>
    <subfield code="c">24 &#x633;&#x645;.</subfield>
  </datafield>
  <datafield tag="504" ind1=" " ind2=" ">
    <subfield code="a">&#x64A;&#x634;&#x62A;&#x645;&#x644; &#x639;&#x644;&#x649; &#x625;&#x631;&#x62C;&#x627;&#x639;&#x627;&#x62A; &#x628;&#x628;&#x644;&#x64A;&#x648;&#x62C;&#x631;&#x627;&#x641;&#x64A;&#x629;.</subfield>
  </datafield>
  <datafield tag="505" ind1="0" ind2=" ">
    <subfield code="a">&#x627;&#x644;&#x643;&#x62A;&#x627;&#x628; &#x627;&#x644;&#x623;&#x648;&#x644;. &#x627;&#x644;&#x623;&#x62D;&#x643;&#x627;&#x645; &#x627;&#x644;&#x639;&#x627;&#x645;&#x629; &#x644;&#x644;&#x625;&#x62C;&#x631;&#x627;&#x621;&#x627;&#x62A; &#x627;&#x644;&#x62C;&#x646;&#x627;&#x626;&#x64A;&#x629; : &#x627;&#x644;&#x625;&#x62C;&#x631;&#x627;&#x621;&#x627;&#x62A; &#x627;&#x644;&#x633;&#x627;&#x628;&#x642;&#x629; &#x639;&#x644;&#x649; &#x627;&#x644;&#x645;&#x62D;&#x627;&#x643;&#x645;&#x629; - &#x625;&#x62C;&#x631;&#x627;&#x621;&#x627;&#x62A; &#x627;&#x644;&#x645;&#x62D;&#x627;&#x643;&#x645;&#x629; -- &#x627;&#x644;&#x643;&#x62A;&#x627;&#x628; &#x627;&#x644;&#x62B;&#x627;&#x646;&#x64A;. &#x637;&#x631;&#x642; &#x627;&#x644;&#x637;&#x639;&#x646; &#x641;&#x64A; &#x627;&#x644;&#x623;&#x62D;&#x643;&#x627;&#x645; &#x627;&#x644;&#x62C;&#x646;&#x627;&#x626;&#x64A;&#x629; : &#x637;&#x631;&#x642; &#x627;&#x644;&#x637;&#x639;&#x646; &#x627;&#x644;&#x639;&#x627;&#x62F;&#x64A;&#x629; (&#x627;&#x644;&#x645;&#x639;&#x627;&#x631;&#x636;&#x629; - &#x627;&#x644;&#x627;&#x633;&#x62A;&#x626;&#x646;&#x627;&#x641;) - &#x637;&#x631;&#x642; &#x627;&#x644;&#x637;&#x639;&#x646; &#x63A;&#x64A;&#x631; &#x627;&#x644;&#x639;&#x627;&#x62F;&#x64A;&#x629; (&#x627;&#x644;&#x637;&#x639;&#x646; &#x628;&#x627;&#x644;&#x646;&#x642;&#x636; - &#x637;&#x644;&#x628; &#x625;&#x639;&#x627;&#x62F;&#x629; &#x627;&#x644;&#x646;&#x638;&#x631;)</subfield>
  </datafield>
  <datafield tag="650" ind1=" " ind2="7">
    <subfield code="a">&#x642;&#x627;&#x646;&#x648;&#x646; &#x627;&#x644;&#x625;&#x62C;&#x631;&#x627;&#x621;&#x627;&#x62A; &#x627;&#x644;&#x62C;&#x646;&#x627;&#x626;&#x64A;&#x629;</subfield>
    <subfield code="z">&#x645;&#x635;&#x631;</subfield>
    <subfield code="2">BUEsh</subfield>
    <subfield code="9">41140</subfield>
  </datafield>
  <datafield tag="651" ind1=" " ind2=" ">
    <subfield code="2">BUEsh</subfield>
  </datafield>
  <datafield tag="653" ind1=" " ind2=" ">
    <subfield code="b">LLAAWW</subfield>
    <subfield code="c">November2016</subfield>
    <subfield code="c">February2017</subfield>
  </datafield>
  <datafield tag="942" ind1=" " ind2=" ">
    <subfield code="2">ddc</subfield>
  </datafield>
  <datafield tag="999" ind1=" " ind2=" ">
    <subfield code="c">23354</subfield>
    <subfield code="d">23326</subfield>
  </datafield>
  <datafield tag="952" ind1=" " ind2=" ">
    <subfield code="0">0</subfield>
    <subfield code="1">0</subfield>
    <subfield code="2">ddc</subfield>
    <subfield code="4">0</subfield>
    <subfield code="7">0</subfield>
    <subfield code="8">DarN.AR.</subfield>
    <subfield code="a">MAIN</subfield>
    <subfield code="b">MAIN</subfield>
    <subfield code="c">1ST</subfield>
    <subfield code="d">2016-11-27</subfield>
    <subfield code="e">Purchase</subfield>
    <subfield code="g">400.00</subfield>
    <subfield code="h">2815</subfield>
    <subfield code="o">345.6205 &#x633; &#x631; &#x648;</subfield>
    <subfield code="p">000040066</subfield>
    <subfield code="q">2020-03-12</subfield>
    <subfield code="r">2020-02-27 00:00:00</subfield>
    <subfield code="s">2020-02-27</subfield>
    <subfield code="v">500.00</subfield>
    <subfield code="x">&#x627;&#x644;&#x633;&#x639;&#x631; &#x634;&#x627;&#x645;&#x644; &#x627;&#x644;&#x645;&#x62C;&#x644;&#x62F;&#x64A;&#x646;</subfield>
    <subfield code="y">BB</subfield>
    <subfield code="z">&#x645;&#x62C;. 1</subfield>
  </datafield>
  <datafield tag="952" ind1=" " ind2=" ">
    <subfield code="0">0</subfield>
    <subfield code="1">0</subfield>
    <subfield code="2">ddc</subfield>
    <subfield code="4">0</subfield>
    <subfield code="7">0</subfield>
    <subfield code="8">DarN.AR.</subfield>
    <subfield code="a">MAIN</subfield>
    <subfield code="b">MAIN</subfield>
    <subfield code="c">1ST</subfield>
    <subfield code="d">2016-11-27</subfield>
    <subfield code="e">Purchase</subfield>
    <subfield code="g">400.00</subfield>
    <subfield code="h">2815</subfield>
    <subfield code="o">345.6205 &#x633; &#x631; &#x648;</subfield>
    <subfield code="p">000040067</subfield>
    <subfield code="r">2025-07-15 00:00:00</subfield>
    <subfield code="s">2022-03-05</subfield>
    <subfield code="v">500.00</subfield>
    <subfield code="x">&#x627;&#x644;&#x633;&#x639;&#x631; &#x634;&#x627;&#x645;&#x644; &#x627;&#x644;&#x645;&#x62C;&#x644;&#x62F;&#x64A;&#x646;</subfield>
    <subfield code="y">BB</subfield>
    <subfield code="z">&#x645;&#x62C;. 2</subfield>
  </datafield>
  <datafield tag="952" ind1=" " ind2=" ">
    <subfield code="0">0</subfield>
    <subfield code="1">0</subfield>
    <subfield code="2">ddc</subfield>
    <subfield code="4">0</subfield>
    <subfield code="7">0</subfield>
    <subfield code="8">DarN.AR.</subfield>
    <subfield code="a">MAIN</subfield>
    <subfield code="b">MAIN</subfield>
    <subfield code="c">1ST</subfield>
    <subfield code="d">2016-12-04</subfield>
    <subfield code="e">Purchase</subfield>
    <subfield code="g">400.00</subfield>
    <subfield code="h">2815</subfield>
    <subfield code="o">345.6205 &#x633; &#x631; &#x648;</subfield>
    <subfield code="p">000040208</subfield>
    <subfield code="r">2026-03-11 00:00:00</subfield>
    <subfield code="s">2026-03-07</subfield>
    <subfield code="v">500.00</subfield>
    <subfield code="x">&#x627;&#x644;&#x633;&#x639;&#x631; &#x634;&#x627;&#x645;&#x644; &#x627;&#x644;&#x645;&#x62C;&#x644;&#x62F;&#x64A;&#x646;</subfield>
    <subfield code="y">BB</subfield>
    <subfield code="z">&#x645;&#x62C;. 1</subfield>
  </datafield>
  <datafield tag="952" ind1=" " ind2=" ">
    <subfield code="0">0</subfield>
    <subfield code="1">0</subfield>
    <subfield code="2">ddc</subfield>
    <subfield code="4">0</subfield>
    <subfield code="7">0</subfield>
    <subfield code="8">DarN.AR.</subfield>
    <subfield code="a">MAIN</subfield>
    <subfield code="b">MAIN</subfield>
    <subfield code="c">1ST</subfield>
    <subfield code="d">2017-02-16</subfield>
    <subfield code="e">Purchase</subfield>
    <subfield code="g">400.00</subfield>
    <subfield code="h">2815</subfield>
    <subfield code="o">345.6205 &#x633; &#x631; &#x648;</subfield>
    <subfield code="p">000041166</subfield>
    <subfield code="r">2025-07-15 00:00:00</subfield>
    <subfield code="s">2023-10-22</subfield>
    <subfield code="v">500.00</subfield>
    <subfield code="x">&#x627;&#x644;&#x633;&#x639;&#x631; &#x634;&#x627;&#x645;&#x644; &#x627;&#x644;&#x645;&#x62C;&#x644;&#x62F;&#x64A;&#x646;</subfield>
    <subfield code="y">BB</subfield>
    <subfield code="z">&#x645;&#x62C;. 2</subfield>
  </datafield>
</record>
